000 00716nam a2200229 a 4500
001 BRL_1217
005 20190320211104.0
008 021213s1974----it-a######---#000-0#spa-#
041 _aspa
044 _ait
050 4 _aNA5621.V5
_b.P47 1974
100 1 _aPerocco, Guido
_916536
245 1 0 _aLa Basilica de San Marcos
_cGuido Perocco.
260 _aVenezia
_bEdizioni Storti
_c1974
300 _a78 p.
_bil., 92 láminas (algunas a color)
_c25 cm.
500 _aAu1407
610 2 4 _aBasilica de San Marcos (Venecia : Italia)
_vDescripción y viajes
_926156
650 1 4 _aIglesias
_zVenecia (Italia)
_926157
650 1 4 _aArte y simbolismo cristiano
_zVenecia (Italia)
_926158
902 _aGRL
942 _2lcc
_cB
999 _c10029
_d10029